000 00337nam a22001457a 4500
008 221014b ||||| |||| 00| 0 eng d
020 _a9781578011117
041 _aeng
080 _2FOURTH EDITION
_a159.9
082 _a159.9 FOS
100 _a25.2
101 _aPSI
245 _aPSYCHIATRIC PRINCIPLES
_cFOSSETT B
942 _2udc
_cBK
999 _c58565
_d58565